000 02729nam a2200313Ia 4500
005 20180402151632.0
008 130821s1764 sp frd mulsd
040 _aCo-BoUCM
_bspa
_cSandra Yazo
_dSandra Yazo
041 0 _alat
_aspa
082 0 4 _aR404.2
_220
092 _aE12N084
100 1 _aNebrija, Antonio de
_962624
_d1444?-1522
242 0 0 _aDiccionario de Elio Antonio de Nebrija.
_yspa
_bAdemás, se adicionaron trabajos de Juan López Serrano. Se incluyeron muchas dicciones de las Sagradas Escrituras y de los textos de ambos derechos. Se incluyen las palabras reconocidas y corregidas de errores anteriores por el cuidado de Juan González Manrique.
245 1 0 _aDictionarium Aelii Antonii Nebrissensis ...
_bPraeter Joannis Lopez Serrani … labores … addita ... Accesserunt permultae dictiones, tum ex Sacrarum Litterarum, tum ex utriusque iuris voluminibus ... Posita sunt etiam omnia recognita, et ab innumeris quibus scatebat mendis vindicata ... Studio, & diligentia L. D. Ioannis Gonzalez Marique.
250 _aAccuratius revissa, diligenter recognita, ac denique a mendis perquam plurimis correcta [Cuidadosamente repasados y revisados; corregidos de muchísimas erratas]
260 _aMadrid (España)
_bEn la oficina de Manuel Martín y a su costa
_c1764
300 _a[14], 776 páginas
_c30 x 21 cm.
500 _aDetalles físicos: Encuadernación original, rígida en cartón forrado en cuero, conserva las cerraduras. Guardas deterioradas. Portada impresa en dos tintas, con un grabado decorativo. Privilegio real. Licencias y permisos. Erratas. Prefacio. Texto impreso en dos columnas con varios tipos y tamaños de letra. Signatura y reclamos. Varias hojas sueltas (página 271 – 274, 435 - 446). Portadilla. Cortes pintados. Papel con deformación de plano
505 0 _aDiccionario latino-español: Índice de palabras antiguas, raramente usadas por Terencio ; Índice de palabras ciceronianas, opuestas a los barbarismos del lenguaje cotidiano ; Diccionario de nombres propios, elaborado de probadísimos autores griegos y latinos ; Lugares más recientes con sus nombres vulgares ya corregidos ; Diccionario de romance en latín y español-latín ; Compendio de los vocablos arábigos corruptos que comúnmente usamos en nuestra lengua castellana
506 _aConsulta en sala
546 _aTexto en latín y español
650 7 _aLatín
_vDiccionarios
_xObras anteriores a 1800
_918289
650 7 4 _aLatín
_vDiccionarios
_xEspañol
_970580
650 0 _aEspañol
_vDiccionarios
_xLatín
_988578
690 _aLingüística aplicada
_9439
700 1 _aGonzález Manrique, Juan
_962666
700 1 _aLopez Serrano, Juan
_962667
942 _cLIBRO
_a12
_e1
_2LOCAL
_hE12N084
999 _c72442
_d72442